La colonización agraria en Israel / (Record no. 39502)

MARC details
000 -LEADER
campo de control de longitud fija 00557nam a2200181 i 4500
001 - NÚMERO DE CONTROL
campo de control 39502
003 - IDENTIFICADOR DE NÚMERO DE CONTROL
campo de control ES-MaACL
005 - FECHA Y HORA DE LA ÚLTIMA TRANSACCIÓN
campo de control 20230906160015.0
007 - CAMPO FIJO DE DESCRIPCIÓN FÍSICA--INFORMACIÓN GENERAL
campo de control de longitud fija t|
008 - DATOS DE LONGITUD FIJA--INFORMACIÓN GENERAL
campo de control de longitud fija 030303s1958 sp |||| | spa d
100 1# - ENTRADA PRINCIPAL--NOMBRE DE PERSONA
Nombre de persona Cano Denia, Simón.
9 (RLIN) 34546
245 13 - MENCIÓN DEL TÍTULO
Título La colonización agraria en Israel /
Mención de responsabilidad, etc. Simón Cano Denia.
260 ## - PUBLICACIÓN, DISTRIBUCIÓN, ETC.
Lugar de publicación, distribución, etc. [Valencia] :
Nombre del editor, distribuidor, etc. Instituto Valenciano de Economía,
Fecha de publicación, distribución, etc. 1958.
300 ## - DESCRIPCIÓN FÍSICA
Extensión 111 p. ;
Dimensiones 18 cm.
650 #4 - PUNTO DE ACCESO ADICIONAL DE MATERIA--TÉRMINO DE MATERIA
Término de materia o nombre geográfico como elemento de entrada Reforma agraria-
Subdivisión geográfica Israel.
9 (RLIN) 166316
710 2# - ENTRADA AGREGADA--NOMBRE DE ENTIDAD CORPORATIVA
Nombre de entidad corporativa o nombre de jurisdicción como elemento de entrada Instituto Valenciano de Economía.
9 (RLIN) 5250
852 ## - LOCALIZACIÓN
Ubicación ES-MaACL
Número de control de estantería C-15558
Holdings
Estatus retirado Estado de pérdida Estado de daño No para préstamo Biblioteca de origen Biblioteca actual Ubicación en estantería Fecha de adquisición Fuente de adquisición Total de préstamos Signatura topográfica completa Código de barras Visto por última vez Precio de reemplazo Tipo de ítem Koha
        Biblioteca del Ateneo de Madrid Biblioteca del Ateneo de Madrid Ficheros 17/01/2008     C-15558 1041601 23/02/2023 23/02/2023 Libro impreso